Welcome to CU Library Online Public Access Catalogue (OPAC)

Law process and custody (Record no. 3670)

MARC details
000 -LEADER
fixed length control field 00551nam a22001817a 4500
005 - DATE AND TIME OF LATEST TRANSACTION
control field 20250208130750.0
008 - FIXED-LENGTH DATA ELEMENTS--GENERAL INFORMATION
fixed length control field 250208b |||||||| |||| 00| 0 eng d
020 ## - INTERNATIONAL STANDARD BOOK NUMBER
International Standard Book Number 0297821466
050 ## - LIBRARY OF CONGRESS CALL NUMBER
Classification number KD 660
Item number .R37 1993
100 ## - MAIN ENTRY--PERSONAL NAME
Personal name Richardson, Genevra
245 ## - TITLE STATEMENT
Title Law process and custody
Remainder of title prisoners and patients
Statement of responsibility, etc. Genevra Richardson
260 ## - PUBLICATION, DISTRIBUTION, ETC.
Place of publication, distribution, etc. London
Name of publisher, distributor, etc. Orion Publishing group ltd
Date of publication, distribution, etc. c1993
300 ## - PHYSICAL DESCRIPTION
Extent xv, 342 p.;
500 ## - GENERAL NOTE
General note Includes index
650 ## - SUBJECT ADDED ENTRY--TOPICAL TERM
Source of heading or term Law for prisoners and patients
Geographic subdivision London
700 ## - ADDED ENTRY--PERSONAL NAME
Personal name Genevra Richardson
942 ## - ADDED ENTRY ELEMENTS (KOHA)
Source of classification or shelving scheme Library of Congress Classification
Koha item type Books
Suppress in OPAC No
999 ## -
-- 3670
-- 3670
Holdings
Withdrawn status Lost status Source of classification or shelving scheme Damaged status Not for loan Collection Home library Current library Shelving location Date acquired Total checkouts Full call number Barcode Date last seen Price effective from Koha item type
    Library of Congress Classification     Non-fiction Law Library (Kumasi) Law Library (Kumasi) General stacks 02/08/2025   KD 660.R37 llk00000067 02/08/2025 02/08/2025 Books
© 2023-2024 Copyright: Central University Libraries. All Rights Reserved | Created by: Mahone Tech Office